000 00516cam a2200169 4500
008 080611n 000 0 eng u
035 _a(Sirsi) a155849
050 _aQH 447 SIN 1991
100 _aSinger,Maxime
245 _aGenes and Genomes:
_ba Changing perspective/
_cMaxime,Singer and Paul, Berg
260 _aMill,ValleyCalifonia:
_bUniversity Science Books,
_c1991
300 _a929p.
_bill.
504 _aInludes Bibliographical References
650 _aGenes
650 _aGenomes
700 _aBerg,Paul
999 _c106113
_d106113